| 000 | 00517nam a22001817a 4500 | ||
|---|---|---|---|
| 005 | 20140109153607.0 | ||
| 010 | _aENG-109004 | ||
| 020 |
_a9789351430391 _c140.00 |
||
| 035 | _aEN-92537 | ||
| 037 | _bDBAD/PUB | ||
| 082 | _a301 | ||
| 100 | _aThorpes | ||
| 245 |
_aSociology-1 / _cby Thorpes |
||
| 260 |
_aGurgaon _bLexis Nexis _c2013 |
||
| 270 |
_a14th floor, Building No 10, Tower-B, DLF Cyber City, Phase-ll, _bGurgaon _e122002 |
||
| 300 |
_axii,177p. _c22cm(pbk) |
||
| 942 |
_2ddc _cEN _mTHO _h301 |
||
| 999 |
_c81464 _d81464 |
||